[Event "ICS rated blitz match"]
[Site "204.178.125.65"]
[Date "2000.01.22"]
[Round "?"]
[White "Hossa"]
[Black "Diomedes"]
[Result "1-0"]
[WhiteElo "2533"]
[BlackElo "2413"]
[PlyCount "65"]

1. e4 g6 2. d4 Bg7 3. Nc3 d6 4. Be2 c6 5. Nf3 Nf6 6. O-O O-O 7. e5 Ne8 8. exd6
Nxd6 9. Be3 Bg4 10. Ng5 Bxe2 11. Nxe2 Nd7 12. Re1 Nc4 13. Bc1 e5 14. Qd3 Nd6
15. Qh3 h6 16. Nf3 e4 17. Nd2 f5 18. Nf4 Qf6 19. Qb3+ Kh7 20. Ne6 Rfe8 21. Nc7
Qxd4 22. c3 Qd3 23. Re3 Nc5 24. Qd1 Qxe3 25. fxe3 Nd3 26. g4 Be5 27. Nxa8 Rxa8
28. gxf5 gxf5 29. Qf1 Rg8+ 30. Kh1 Rg5 31. Qe2 f4 32. Nxe4 Nxe4 33. Qxd3 1-0

[Event "ICS rated blitz match"]
[Site "204.178.125.65"]
[Date "2000.01.22"]
[Round "?"]
[White "Diomedes"]
[Black "Hossa"]
[Result "0-1"]
[WhiteElo "2402"]
[BlackElo "2544"]
[PlyCount "44"]

1. e4 e5 2. Nf3 Nc6 3. d4 exd4 4. Nxd4 Nf6 5. Nc3 Bb4 6. Nxc6 bxc6 7. Bd3 Bxc3+
8. bxc3 d5 9. exd5 Qe7+ 10. Be2 cxd5 11. O-O O-O 12. a4 Re8 13. Bf3 Ba6 14. Ba3
Qe5 15. Re1 Qxc3 16. Rxe8+ Rxe8 17. Qc1 Be2 18. Bb2 Qc4 19. Bxf6 gxf6 20. Ra3
Bxf3 21. Rxf3 Qxc2 22. Rg3+ Kh8 0-1

[Event "ICS rated blitz match"]
[Site "204.178.125.65"]
[Date "2000.01.22"]
[Round "?"]
[White "Hossa"]
[Black "Tim"]
[Result "1-0"]
[WhiteElo "2554"]
[BlackElo "2343"]
[PlyCount "88"]

1. e4 d5 2. exd5 Nf6 3. d4 Bg4 4. Be2 Bxe2 5. Qxe2 Qxd5 6. Nf3 e6 7. Bf4 Bd6 8.
Bxd6 Qxd6 9. Nc3 c6 10. O-O O-O 11. Qe5 Qxe5 12. dxe5 Nd5 13. Ne4 Ne7 14. Rad1
Re8 15. Nd6 Rf8 16. Nxb7 Nd5 17. Nc5 a5 18. c4 Nb6 19. Rd4 Na6 20. Nxa6 Rxa6
21. Rfd1 a4 22. Ng5 h6 23. Ne4 Ra5 24. c5 Nd5 25. h4 Rb8 26. R1d2 Rab5 27. Rxa4
Rxb2 28. Rxb2 Rxb2 29. Ra6 Rb1+ 30. Kh2 Re1 31. f3 Re2 32. a4 Ne3 33. Rxc6
Rxg2+ 34. Kh3 Ra2 35. Rc8+ Kh7 36. Ra8 Nd5 37. c6 Rc2 38. Ra7 Rxc6 39. Rxf7 Kg6
40. Rd7 Ra6 41. Nc5 Ra5 42. Nxe6 Kf5 43. Nd4+ Kf4 44. Nb3 Nb6 1-0

[Event "ICS Rated blitz match"]
[Site "204.178.125.65"]
[Date "2000.01.22"]
[Round "?"]
[White "Tim"]
[Black "Hossa"]
[Result "0-1"]
[WhiteElo "2336"]
[BlackElo "2561"]
[PlyCount "114"]

1. d4 Nf6 2. Nc3 d5 3. e4 dxe4 4. f3 exf3 5. Nxf3 Nc6 6. Bb5 Qd6 7. O-O Bg4 8.
Be3 e6 9. Qe1 Bxf3 10. Rxf3 a6 11. Bxc6+ Qxc6 12. Rd1 O-O-O 13. a3 Be7 14. b4
Rd7 15. b5 axb5 16. Rb1 Ng4 17. Nxb5 Qxc2 18. Rc1 Qa4 19. Nxc7 Rxc7 20. Rxc7+
Kxc7 21. Qg3+ Kc8 22. Qxg4 Qd1+ 23. Kf2 Bf6 24. Qe4 h6 25. Bf4 Qxd4+ 26. Qxd4
Bxd4+ 27. Ke2 e5 28. Be3 Bxe3 29. Kxe3 f6 30. Ke4 Rd8 31. Kf5 Rd7 32. Ke6 Kc7
33. Rc3+ Kd8 34. Rb3 e4 35. Kf5 Re7 36. Re3 Re5+ 37. Kf4 g5+ 38. Kg3 f5 39. Rc3
Rb5 40. h4 Kd7 41. hxg5 hxg5 42. Kf2 Rb2+ 43. Kg3 Ke6 44. a4 b6 45. a5 bxa5 46.
Rc6+ Kd5 47. Rf6 Ke5 48. Ra6 Ra2 49. Kh2 Kf4 50. Rb6 a4 51. Rb5 Kg4 52. Ra5 a3
53. Ra4 Kf4 54. Ra5 g4 55. Ra4 g3+ 56. Kh3 Ra1 57. Rxe4+ fxe4 0-1

[Event "ICS rated blitz match"]
[Site "204.178.125.65"]
[Date "2000.01.22"]
[Round "?"]
[White "Hossa"]
[Black "JohnnyReb"]
[Result "0-1"]
[WhiteElo "2568"]
[BlackElo "2770"]
[PlyCount "122"]

1. e4 d6 2. d4 Nf6 3. Nc3 g6 4. Nf3 Bg7 5. Be2 Bg4 6. h3 Bxf3 7. Bxf3 Nc6 8.
Be3 e5 9. dxe5 Nxe5 10. Be2 O-O 11. h4 Re8 12. h5 gxh5 13. Bg5 c6 14. Bxh5 Qb6
15. Rh3 Nxe4 16. Nxe4 Qb4+ 17. Kf1 Qxe4 18. Qxd6 Qxc2 19. Qd1 Qf5 20. Rg3 Ng6
21. Qb3 Rab8 22. Rd1 Qe5 23. Rb1 Bf6 24. Bxg6 hxg6 25. Bxf6 Qxf6 26. Rd1 Re7
27. Rgd3 Kg7 28. Kg1 Rh8 29. Re3 Rxe3 30. fxe3 b6 31. Rd7 Ra8 32. e4 Re8 33.
Qc4 a5 34. a4 Re6 35. Rb7 c5 36. Rd7 Kg8 37. b3 Qa1+ 38. Kf2 Rf6+ 39. Kg3 Qe5+
40. Kh3 g5 41. Rd8+ Kh7 42. Qc1 Rh6+ 43. Kg4 Qxe4+ 44. Kg3 Qh4+ 45. Kf3 g4+ 46.
Kf4 Qf2+ 47. Ke4 Qxg2+ 48. Kd3 Rh3+ 49. Qe3 Rxe3+ 50. Kxe3 Qf3+ 51. Kd2 g3 52.
Rd3 Qxd3+ 53. Kxd3 g2 54. Kc4 g1=Q 55. Kb5 Qd4 56. Kxb6 c4+ 57. Ka6 cxb3 58.
Kb5 b2 59. Kc6 b1=Q 60. Kc7 Qbb6+ 61. Kc8 Qg4# 0-1

[Event "ICS rated blitz match"]
[Site "204.178.125.65"]
[Date "2000.01.22"]
[Round "?"]
[White "Hossa"]
[Black "PostModernist"]
[Result "0-1"]
[WhiteElo "2560"]
[BlackElo "2512"]
[PlyCount "148"]

1. d4 Nf6 2. c4 e6 3. Nf3 b6 4. g3 Ba6 5. b3 Bb4+ 6. Bd2 Be7 7. Bg2 Bb7 8. Nc3
O-O 9. O-O d5 10. cxd5 exd5 11. Rc1 Nbd7 12. Bg5 Re8 13. Bh3 c6 14. e3 h6 15.
Bxf6 Nxf6 16. Bg2 a5 17. Rc2 Bd6 18. Nh4 Ba6 19. Re1 Qd7 20. Nf3 Rad8 21. Na4
Qc7 22. Nc3 Ne4 23. Qc1 Nxc3 24. Rxc3 Bb4 25. Rxc6 Qb7 26. Rc7 Qb8 27. Rc2 Bxe1
28. Nxe1 Qd6 29. Bh3 Bb5 30. Bc8 Qg6 31. a4 Be2 32. Rc6 Qh5 33. Qc3 b5 34. axb5
Bxb5 35. Rc7 Qe2 36. Bh3 Rd6 37. Qa1 Ra6 38. Rc2 Qh5 39. Bg2 a4 40. bxa4 Rxa4
41. Qb1 Bc4 42. Bf3 Qh3 43. Bg2 Qf5 44. h3 Rea8 45. e4 Qd7 46. Rc1 Ba2 47. Qc2
Rc4 48. Qb2 Rxc1 49. Qxc1 dxe4 50. Bxe4 Re8 51. Bd3 Qxh3 52. Bf1 Qh5 53. Ng2
Bd5 54. Qc5 Re1 55. Qb5 Qf3 56. Kh2 Be4 57. g4 Qxf2 58. g5 Bxg2 59. Qb8+ Kh7
60. g6+ Kxg6 61. Qg3+ Qxg3+ 62. Kxg3 Bxf1 63. Kg4 Re4+ 64. Kf3 Rxd4 65. Ke3 Rg4
66. Kd2 Kf5 67. Kc2 Rg2+ 68. Kb3 Ke4 69. Kc3 Kd5 70. Kb3 Kd4 71. Kb4 Rb2+ 72.
Ka4 Kd3 73. Ka3 Kc3 74. Ka4 Ra2# 0-1

[Event "ICS rated blitz match"]
[Site "204.178.125.65"]
[Date "2000.01.22"]
[Round "?"]
[White "ZarkovX"]
[Black "Hossa"]
[Result "1-0"]
[WhiteElo "2795"]
[BlackElo "2542"]
[PlyCount "85"]

1. e4 d6 2. d4 Nf6 3. Nc3 g6 4. Be3 Nbd7 5. Nf3 e5 6. Bc4 Bg7 7. dxe5 dxe5 8.
Qe2 c6 9. a4 a6 10. O-O O-O 11. Rfd1 Qe7 12. a5 Nc5 13. Bg5 Bg4 14. h3 Bxf3 15.
Qxf3 Rad8 16. Be3 Ncd7 17. b3 Nc5 18. Rab1 Rfe8 19. Rbc1 Rf8 20. Kh1 Rfe8 21.
Kh2 Ncd7 22. Na4 Rf8 23. c3 Ne8 24. Nc5 Nb8 25. Rxd8 Qxd8 26. Nxb7 Qc7 27. Nc5
Nd6 28. Nxa6 Nxa6 29. Bxa6 Qxa5 30. Bd3 Qa3 31. Qd1 f5 32. Ra1 Qb2 33. Bc5 fxe4
34. Be2 h6 35. Ra7 Rf6 36. Bxd6 Qxc3 37. Bc4+ Kh8 38. Bf8 Bxf8 39. Qd7 Be7 40.
Qxe7 Qxh3+ 41. Kxh3 Rf3+ 42. gxf3 exf3 43. Qxe5# 1-0

[Event "ICS rated blitz match"]
[Site "204.178.125.65"]
[Date "2000.01.22"]
[Round "?"]
[White "Hossa"]
[Black "janderson"]
[Result "1-0"]
[WhiteElo "2536"]
[BlackElo "2188"]
[PlyCount "42"]

1. e4 e5 2. Nf3 Nf6 3. Nxe5 d6 4. Nf3 Nxe4 5. d4 Bg4 6. Bd3 d5 7. O-O Bb4 8. c3
Bd6 9. Re1 O-O 10. Bxe4 dxe4 11. Rxe4 Qd7 12. Nbd2 Nc6 13. Nc4 Rae8 14. Nxd6
cxd6 15. Re3 Qf5 16. h3 Rxe3 17. hxg4 Rd3 18. Qe2 Qb5 19. Ne1 Nxd4 20. Qxd3 Re8
21. Qxd4 Re2 1-0

[Event "ICS rated blitz match"]
[Site "204.178.125.65"]
[Date "2000.01.22"]
[Round "?"]
[White "Hossa"]
[Black "Amateur"]
[Result "1/2-1/2"]
[WhiteElo "2540"]
[BlackElo "2489"]
[PlyCount "113"]

1. e4 c5 2. Nf3 e6 3. Nc3 Be7 4. d4 cxd4 5. Qxd4 Nf6 6. e5 Nc6 7. Qd2 Ng4 8.
Nb5 a6 9. Nd6+ Bxd6 10. exd6 O-O 11. Bd3 Nce5 12. Be2 Nxf3+ 13. Bxf3 Ne5 14.
Be2 Qb6 15. O-O Nc6 16. c3 Ne5 17. Re1 Rb8 18. b3 Ng6 19. Ba3 Qd8 20. Qe3 b6
21. Bd3 Bb7 22. c4 Qf6 23. Bf1 Nh4 24. Qh3 Rfc8 25. Qd3 b5 26. c5 b4 27. Bxb4
Bxg2 28. Bxg2 Rxb4 29. Qxa6 Rcb8 30. Bh1 Nf3+ 31. Bxf3 Qxf3 32. c6 Rg4+ 33. Kf1
Qh3+ 34. Ke2 Re4+ 35. Kd2 Rd4+ 36. Ke2 dxc6 37. d7 Rxd7 38. Red1 Qh5+ 39. Ke1
Qxh2 40. Rxd7 Qe5+ 41. Kd2 Qb2+ 42. Ke3 Qxa1 43. Qa7 Qc3+ 44. Rd3 Qe5+ 45. Kf3
h5 46. Rd4 g5 47. Rd7 f5 48. Kg2 c5 49. Rh7 Qe4+ 50. Kh2 Qf4+ 51. Kg2 Qg4+ 52.
Kh2 Qh4+ 53. Kg2 Qg4+ 54. Kh2 Qh4+ 55. Kg2 Qg4+ 56. Kh2 Qh4+ 57. Kg2 1/2-1/2

[Event "ICS rated blitz match"]
[Site "204.178.125.65"]
[Date "2000.01.22"]
[Round "?"]
[White "Amateur"]
[Black "Hossa"]
[Result "1/2-1/2"]
[WhiteElo "2491"]
[BlackElo "2538"]
[PlyCount "372"]

1. Nc3 d5 2. e4 dxe4 3. Nxe4 Bf5 4. Ng3 Bg6 5. Nf3 Nf6 6. Be2 Nc6 7. O-O h5 8.
Nh4 Bh7 9. d3 Qd6 10. Bxh5 Qb4 11. Bg5 Nxh5 12. Qxh5 Qxb2 13. Rfb1 Qxc2 14.
Rxb7 Nd8 15. Rb3 Ne6 16. Be3 Rd8 17. Bxa7 Nf4 18. Qg5 Nxd3 19. Rb7 c5 20. Qe3
Qc3 21. Rab1 Qd4 22. Qxd4 cxd4 23. R1b5 e5 24. Bb6 Rc8 25. Bc7 f6 26. R5b6 Bc5
27. Ra6 Bg8 28. Ngf5 Bd5 29. Rb5 Rxh4 30. Nxh4 Rxc7 31. Rb8+ Kf7 32. h3 g5 33.
Nf3 Rb7 34. Rxb7+ Bxb7 35. Ra5 Bxf3 36. gxf3 Be7 37. Rb5 Nc1 38. a4 Ne2+ 39.
Kf1 Nc3 40. Ra5 d3 41. Ke1 Bb4 42. Ra7+ Kg6 43. Rb7 Na2+ 44. Kd1 Kf5 45. Rf7
Nc3+ 46. Kd2 Nxa4+ 47. Kxd3 Bc5 48. Ke2 Nc3+ 49. Kf1 Nd5 50. Rh7 Kg6 51. Rh8
Bb6 52. Rg8+ Kf5 53. Rh8 Nf4 54. h4 gxh4 55. Rxh4 Ke6 56. Rh8 Bd4 57. Re8+ Kf7
58. Ra8 f5 59. Ra4 Bc5 60. Ra2 Ke6 61. Ra6+ Bd6 62. Ra5 Be7 63. Ra6+ Kf7 64.
Ra5 Kf6 65. Ra6+ Kg5 66. Ra5 Bf6 67. Rb5 Kh5 68. Rb7 Kg6 69. Ra7 Bd8 70. Kg1
Kf6 71. Kh2 Be7 72. Ra2 Bd6 73. Kg3 Ke6 74. Kh4 Be7+ 75. Kg3 Bc5 76. Rd2 Bd4
77. Kh4 Bb6 78. Ra2 Bd8+ 79. Kg3 Be7 80. Rb2 Bd6 81. Rb1 Bc5 82. Rb2 Bd4 83.
Rd2 Bc3 84. Ra2 Bb4 85. Kh4 Nd3 86. Kh3 Kf6 87. Rc2 Nf4+ 88. Kh4 Bd6 89. Rc6
Ke6 90. Rc2 Be7+ 91. Kg3 Kd5 92. Rd2+ Kc6 93. Rb2 Bc5 94. Rd2 Kb5 95. Kh4 Be7+
96. Kg3 Kc5 97. Rd7 Bd6 98. Rf7 Ne2+ 99. Kh4 Nd4 100. Kg5 Kd5 101. Rh7 Ke6 102.
Rh6+ Kd7 103. Rh7+ Be7+ 104. Kg6 Ke6 105. f4 e4 106. Rh6 Bf6 107. Rh5 Nf3 108.
Rh1 Nh4+ 109. Kh6 Be7 110. Ra1 Nf3 111. Kh5 Bd6 112. Ra5 Nd4 113. Ra6 Kd5 114.
Kg5 Be7+ 115. Kg6 Bb4 116. Ra1 Bc3 117. Rb1 Bd2 118. Rb7 Bxf4 119. Rd7+ Bd6
120. Rh7 Ke6 121. Ra7 e3 122. fxe3 Nc2 123. Kg5 Bg3 124. Ra6+ Kd5 125. Ra5+ Ke4
126. Ra4+ Kd3 127. Ra2 Nb4 128. Ra5 Bc7 129. Ra7 Bh2 130. Kxf5 Kc3 131. e4 Nd3
132. Rh7 Be5 133. Rh3 Bd6 134. e5 Bxe5 135. Ke4 Kc4 136. Rxd3 Bb2 137. Rd6 Kc5
138. Rd5+ Kc6 139. Rd8 Kc7 140. Rd3 Kc8 141. Rb3 Ba1 142. Ra3 Bf6 143. Rf3 Bg7
144. Rg3 Bh6 145. Rg6 Bd2 146. Rg7 Kd8 147. Rb7 Kc8 148. Ra7 Kb8 149. Rh7 Bc3
150. Rf7 Bb4 151. Rg7 Kc8 152. Rf7 Kd8 153. Kd5 Ke8 154. Rb7 Bc3 155. Ke6 Kf8
156. Kd5 Ke8 157. Rc7 Be1 158. Rh7 Bc3 159. Rb7 Kf8 160. Rh7 Kg8 161. Rc7 Bd2
162. Ke5 Be1 163. Rb7 Bc3+ 164. Ke4 Kh8 165. Rc7 Be1 166. Rc1 Bd2 167. Rc7 Be1
168. Kf5 Kg8 169. Kg6 Kf8 170. Kf6 Bh4+ 171. Ke6 Kg8 172. Kd5 Kh8 173. Rf7 Kg8
174. Ra7 Kh8 175. Ke4 Kg8 176. Rb7 Bg3 177. Rd7 Bh4 178. Kd5 Kh8 179. Rb7 Bg3
180. Rb1 Bf2 181. Rb2 Bg3 182. Rb3 Bf2 183. Rb7 Bg3 184. Rb4 Kh7 185. Rc4 Kh8
186. Re4 Kh7 1/2-1/2

[Event "ICS rated standard match"]
[Site "204.178.125.65"]
[Date "2000.01.22"]
[Round "?"]
[White "star"]
[Black "Hossa"]
[Result "1/2-1/2"]
[WhiteElo "2468"]
[BlackElo "2278"]
[PlyCount "209"]

1. d4 Nf6 2. c4 e6 3. Nf3 b6 4. g3 Ba6 5. b3 Bb4+ 6. Bd2 Be7 7. Bg2 Bb7 8. Nc3
O-O 9. O-O d5 10. cxd5 exd5 11. Qc2 c5 12. a3 Nbd7 13. Qf5 Re8 14. Bf4 cxd4 15.
Nxd4 Nc5 16. b4 Nce4 17. Nxe4 Nxe4 18. Rac1 g6 19. Qg4 Rc8 20. Rxc8 Qxc8 21.
Qxc8 Rxc8 22. e3 Nd2 23. Ra1 g5 24. Be5 Ne4 25. Bh3 Rc4 26. Nf5 Bf8 27. f3 Nd2
28. Bg2 Bc8 29. e4 Bxf5 30. exf5 Rc2 31. f4 gxf4 32. Bxd5 f3 33. Bd4 Rc7 34.
Be3 Rd7 35. Bc6 Rd6 36. Rc1 Bh6 37. Bxh6 Rxh6 38. Ba8 a5 39. bxa5 bxa5 40. Rc2
Rd6 41. Kf2 a4 42. Ke1 Nb1 43. Bxf3 Kg7 44. Rc4 Nxa3 45. Rxa4 Nc2+ 46. Kf2 Rd2+
47. Kg1 Nd4 48. Bg4 Kf6 49. Ra5 Kg5 50. h3 Kf6 51. Ra6+ Kg5 52. Ra8 Kf6 53. Ra5
Kg5 54. Kf1 Kf6 55. Rd5 Nb3 56. Rb5 Nd4 57. Rb6+ Kg5 58. Rb8 Nc2 59. Re8 Kf6
60. Bh5 Kxf5 61. Bxf7 Kf6 62. Bh5 Rh2 63. Bg4 Nd4 64. Rd8 Rd2 65. Rd7 h6 66.
Rd6+ Kg7 67. Bh5 Nb3 68. Rg6+ Kh7 69. Rb6 Nd4 70. h4 Nc2 71. Rb7+ Kg8 72. Re7
Nd4 73. Bg4 Kh8 74. Rf7 Nc2 75. Be2 Kg8 76. Re7 Nd4 77. Bc4+ Kh8 78. Rf7 Nc2
79. Rf3 Kg7 80. g4 Rh2 81. h5 Rd2 82. Rf7+ Kh8 83. Re7 Nd4 84. Bd5 Rh2 85. Be4
Kg8 86. Rh7 Rh4 87. Rd7 Nb5 88. Bd3 Na3 89. Rd6 Rxg4 90. Rxh6 Rd4 91. Rg6+ Kf8
92. Ke2 Nc4 93. Bxc4 Rxc4 94. h6 Re4+ 95. Kf3 Rh4 96. Rf6+ Kg8 97. Rf4 Rxf4+
98. Kxf4 Kh7 99. Kg5 Kh8 100. Kg6 Kg8 101. Kh5 Kh7 102. Kg5 Kh8 103. Kg6 Kg8
104. h7+ Kh8 105. Kh6 1/2-1/2

[Event "ICS rated blitz match"]
[Site "204.178.125.65"]
[Date "2000.01.22"]
[Round "?"]
[White "PostModernist"]
[Black "Hossa"]
[Result "1-0"]
[WhiteElo "2542"]
[BlackElo "2536"]
[PlyCount "143"]

1. d4 Nf6 2. Nf3 c5 3. e3 cxd4 4. exd4 d5 5. Bd3 e6 6. O-O Nc6 7. b3 Be7 8. Bb2
O-O 9. Nbd2 Bd7 10. a3 Nh5 11. g3 Rc8 12. Re1 Qb6 13. Ng5 Bxg5 14. Qxh5 Bh6 15.
Nf3 f6 16. Bc1 Nxd4 17. Nxd4 Qxd4 18. Bxh6 gxh6 19. Rad1 Qc3 20. Qxh6 Rf7 21.
a4 e5 22. Re3 Qb2 23. f3 Rc3 24. Kh1 d4 25. Re2 Bc6 26. Qh5 Bd5 27. Kg1 Bc6 28.
f4 e4 29. Bc4 Rxc4 30. bxc4 Qa3 31. Qg4+ Kf8 32. Ree1 f5 33. Qg5 Qd6 34. a5 Be8
35. h3 h6 36. c5 Qc6 37. Qh4 Rg7 38. Rxd4 Rg6 39. Re3 Qxc5 40. Qd8 Qxc2 41. Rd5
Qc1+ 42. Kf2 Qb2+ 43. Re2 e3+ 44. Kf1 Qb1+ 45. Kg2 Qe4+ 46. Kh2 Re6 47. Rc5 Qf3
48. Qd3 Bc6 49. Rc1 Re4 50. Rce1 Kf7 51. Qd6 Kg7 52. a6 Re8 53. axb7 Bb5 54.
Rc2 Bc4 55. b8=Q Rxb8 56. Qxb8 Bf7 57. Qxa7 Qe4 58. Rc7 Qe6 59. Rxe3 Qd5 60.
Rxf7+ Qxf7 61. Re7 Qxe7 62. Qxe7+ Kg8 63. h4 h5 64. Kg2 Kh8 65. Qf8+ Kh7 66. g4
fxg4 67. Kg3 Kg6 68. f5+ Kh7 69. Qe7+ Kh6 70. Qg5+ Kh7 71. f6 Kh8 72. Qg7# 1-0

[Event "ICS rated standard match"]
[Site "204.178.125.65"]
[Date "2000.01.22"]
[Round "?"]
[White "Hossa"]
[Black "PostModernist"]
[Result "0-1"]
[WhiteElo "2286"]
[BlackElo "2401"]
[PlyCount "128"]

1. e4 c5 2. Nf3 d6 3. Bb5+ Nc6 4. d4 cxd4 5. Nxd4 Bd7 6. O-O Nf6 7. Nc3 g6 8.
Be3 Bg7 9. Qd2 Ng4 10. Rad1 Nxe3 11. fxe3 Ne5 12. Qf2 O-O 13. Bxd7 Qxd7 14. Nd5
e6 15. Nc3 a6 16. Kh1 b5 17. Kg1 Rfc8 18. Nb1 Bh6 19. Rde1 Bg5 20. Re2 Qe7 21.
Nd2 Bh4 22. g3 Bg5 23. a3 Ng4 24. Qf3 e5 25. N4b3 Nxe3 26. Rxe3 Qa7 27. Rfe1
Bxe3+ 28. Rxe3 Rxc2 29. Kh1 a5 30. Nf1 Rxb2 31. Nbd2 Rc8 32. Rd3 Qe7 33. Rb3
Rxb3 34. Qxb3 Qb7 35. Kg2 b4 36. axb4 Qxb4 37. Qd5 a4 38. Ne3 a3 39. Kf3 Qb2
40. Ndc4 Qb3 41. Nd2 Qxd5 42. Nxd5 a2 43. Nb3 Rc1 44. Nxc1 a1=Q 45. Ne2 Qh1+
46. Ke3 f5 47. Ndc3 fxe4 48. Nxe4 d5 49. Nc5 Qe1 50. Kf3 d4 51. g4 Qf1+ 52. Kg3
Qxe2 53. h4 Qb5 54. Nb7 Qxb7 55. Kf2 Qb2+ 56. Kg3 d3 57. h5 d2 58. hxg6 d1=Q
59. gxh7+ Kxh7 60. Kh4 Qf2+ 61. Kh5 Qh2+ 62. Kg5 Qh6+ 63. Kf5 Qg6+ 64. Kxe5
Qdd6# 0-1

[Event "ICS rated standard match"]
[Site "204.178.125.65"]
[Date "2000.01.22"]
[Round "?"]
[White "giant"]
[Black "Hossa"]
[Result "0-1"]
[WhiteElo "2186"]
[BlackElo "2275"]
[PlyCount "50"]

1. d4 Nf6 2. c4 e6 3. Nf3 b6 4. a3 Bb7 5. Nc3 d5 6. cxd5 Nxd5 7. Qc2 Nxc3 8.
bxc3 c5 9. Bf4 Nc6 10. e3 Be7 11. Bd3 cxd4 12. cxd4 Rc8 13. Qe2 h5 14. O-O g5
15. Bb5 gxf4 16. Rfc1 fxe3 17. fxe3 f6 18. Rc2 Qd6 19. Rac1 O-O 20. d5 Qxd5 21.
Qf1 Bxa3 22. Rd1 Qe4 23. Qe2 Ne5 24. Rxc8 Rxc8 25. Ra1 Rc2 0-1

[Event "ICS Rated blitz match"]
[Site "204.178.125.65"]
[Date "2000.01.22"]
[Round "?"]
[White "Hossa"]
[Black "BritLit"]
[Result "1-0"]
[WhiteElo "2520"]
[BlackElo "2175"]
[PlyCount "57"]

1. e4 d6 2. d4 Nf6 3. Nc3 g6 4. Be3 c6 5. Nf3 Bg7 6. Bd3 O-O 7. Qd2 Nbd7 8. h3
e5 9. dxe5 dxe5 10. O-O-O b5 11. Bh6 Qe7 12. Bxg7 Kxg7 13. g4 Bb7 14. g5 Nh5
15. Bxb5 Nc5 16. Bc4 Rfd8 17. Qe3 Nf4 18. Ne2 Rxd1+ 19. Rxd1 Nxh3 20. Rh1 Nf4
21. Nxf4 exf4 22. Qxf4 Nxe4 23. Qh2 Rh8 24. Qh6+ Kg8 25. Re1 c5 26. Bd3 Qe6 27.
Nd2 Qxa2 28. Nxe4 Bxe4 29. Rxe4 1-0

[Event "ICS rated blitz match"]
[Site "204.178.125.65"]
[Date "2000.01.22"]
[Round "?"]
[White "BritLit"]
[Black "Hossa"]
[Result "0-1"]
[WhiteElo "2171"]
[BlackElo "2524"]
[PlyCount "43"]

1. d4 Nf6 2. Nf3 c5 3. c4 cxd4 4. Nxd4 e5 5. Nc2 Nc6 6. g3 d5 7. cxd5 Qxd5 8.
Qxd5 Nxd5 9. Bg2 Ndb4 10. Nba3 Be6 11. O-O Nxa2 12. Nb5 Rc8 13. Bd2 a6 14. Nc3
Nab4 15. Nxb4 Bxb4 16. f4 Rd8 17. Rad1 Bb3 18. Bxc6+ bxc6 19. fxe5 Bxd1 20. Bg5
Bxc3 21. Bxd8 Bxe2 22. Rc1 0-1

[Event "ICS rated standard match"]
[Site "204.178.125.65"]
[Date "2000.01.22"]
[Round "?"]
[White "Hossa"]
[Black "dori"]
[Result "1-0"]
[WhiteElo "2287"]
[BlackElo "2169"]
[PlyCount "129"]

1. e4 c6 2. d4 d5 3. Nc3 dxe4 4. Nxe4 Nf6 5. Nxf6+ gxf6 6. Bd3 Qxd4 7. Nf3 Qd8
8. Be3 Bg4 9. h3 Bh5 10. g4 Bg6 11. Qe2 Bxd3 12. cxd3 e6 13. O-O-O Qa5 14. Kb1
Nd7 15. Bd2 Bb4 16. Bxb4 Qxb4 17. d4 O-O-O 18. Rc1 Nb6 19. Rhe1 Rd5 20. Qc2 h5
21. gxh5 Rhxh5 22. h4 Rdf5 23. Qd3 Rb5 24. b3 a5 25. Rg1 a4 26. Rg8+ Kc7 27.
Nd2 axb3 28. Nxb3 Nd5 29. Qg3+ Kb6 30. Qb8 Qa3 31. Qd8+ Nc7 32. Rg3 Rxh4 33.
Rgc3 Qa8 34. Qxf6 Qh8 35. Qxh8 Rxh8 36. Rf3 f5 37. a4 Rb4 38. a5+ Kb5 39. Re1
Rd8 40. Kc2 Rc4+ 41. Kb1 Rdxd4 42. Nxd4+ Rxd4 43. Ra3 Rb4+ 44. Kc2 Rc4+ 45. Kd2
Rb4 46. Kc2 c5 47. Re5 Rf4 48. f3 Kc6 49. Rb3 Kd6 50. Re1 Ra4 51. Rb6+ Kd5 52.
Rxb7 Na6 53. Rd7+ Kc6 54. Ra7 Rxa5 55. Rxe6+ Kb5 56. Rf7 Nb4+ 57. Kb1 Nd5 58.
Rxf5 Nc3+ 59. Kc2 Na4 60. Re1 Ra8 61. Rb1+ Ka5 62. Rf7 Nb6 63. Rb7 Ra6 64. f4
Nd5 65. Ra1# 1-0

[Event "ICS rated standard match"]
[Site "204.178.125.65"]
[Date "2000.01.22"]
[Round "?"]
[White "Varguz"]
[Black "Hossa"]
[Result "1-0"]
[WhiteElo "2587"]
[BlackElo "2298"]
[PlyCount "77"]

1. c4 c5 2. Nc3 Nc6 3. Nf3 d6 4. d4 cxd4 5. Nxd4 Nxd4 6. Qxd4 e6 7. e4 Ne7 8.
Be3 Nc6 9. Qd2 Be7 10. O-O-O a6 11. Be2 Qa5 12. Kb1 O-O 13. f4 Rb8 14. Qc1 f5
15. h4 fxe4 16. Nxe4 Nb4 17. a3 Qf5 18. Bf3 d5 19. g4 Qg6 20. h5 Qf7 21. axb4
dxe4 22. Bxe4 Bxb4 23. Qc2 h6 24. g5 hxg5 25. h6 e5 26. hxg7 Qxg7 27. Bd5+ Rf7
28. fxe5 Bg4 29. Rdg1 Be7 30. Rxg4 Kf8 31. e6 b5 32. exf7 Rd8 33. Rh7 Rxd5 34.
cxd5 b4 35. Rxg7 Kxg7 36. Qf5 Kf8 37. Qg6 Bd6 38. Bxg5 a5 39. Qg8# 1-0

[Event "ICS rated standard match"]
[Site "204.178.125.65"]
[Date "2000.01.22"]
[Round "?"]
[White "Hossa"]
[Black "Varguz"]
[Result "0-1"]
[WhiteElo "2293"]
[BlackElo "2592"]
[PlyCount "168"]

1. c4 c5 2. Nc3 Nf6 3. Nf3 d5 4. cxd5 Nxd5 5. d4 cxd4 6. Qxd4 Nxc3 7. Qxd8+
Kxd8 8. bxc3 Bf5 9. Ne5 Be6 10. e4 f6 11. Nc4 Nd7 12. Ne3 Bf7 13. Bb5 Rc8 14.
Bd2 e5 15. O-O Kc7 16. Rfd1 Nc5 17. f3 Kb8 18. Be1 a6 19. Be2 Na4 20. Rd3 Bc5
21. Kh1 Bxe3 22. Rxe3 Rhd8 23. g3 b5 24. Bd1 Nb2 25. Bc2 Bc4 26. Kg1 Nd3 27.
Bxd3 Bxd3 28. f4 Bc4 29. fxe5 fxe5 30. g4 Rc5 31. Rh3 h6 32. Bf2 Rc6 33. Rf3
Rg6 34. h3 h5 35. Rg3 hxg4 36. Rxg4 Rxg4+ 37. hxg4 Rd3 38. Kg2 Rxc3 39. Bg3 Kb7
40. Bxe5 Re3 41. Bxg7 Rxe4 42. Kf3 Bd5 43. Kg3 Be6 44. g5 Rg4+ 45. Kf3 Rxg5 46.
Bc3 Rh5 47. Bb4 Rh3+ 48. Kg2 Rd3 49. a3 Kb6 50. Re1 Bd5+ 51. Kf2 a5 52. Be7
Rf3+ 53. Kg1 Kc6 54. Rf1 Rg3+ 55. Kh2 Rd3 56. Rf6+ Kd7 57. Bc5 Rc3 58. Rd6+ Kc7
59. Rxd5 Kc6 60. Rf5 Rxc5 61. Rf6+ Kd5 62. Rf4 Rc2+ 63. Kg1 b4 64. axb4 a4 65.
b5 a3 66. Rf5+ Kd4 67. b6 a2 68. Ra5 Rc1+ 69. Kg2 a1=Q 70. Rxa1 Rxa1 71. Kf3
Rb1 72. Kf4 Rb2 73. b7 Rxb7 74. Kf5 Re7 75. Kg5 Ke5 76. Kg4 Re6 77. Kg5 Ke4 78.
Kg4 Rg6+ 79. Kh5 Rg8 80. Kh6 Kf5 81. Kh7 Rg6 82. Kh8 Ke6 83. Kh7 Kf7 84. Kh8
Rh6# 0-1

[Event "ICS rated blitz match"]
[Site "204.178.125.65"]
[Date "2000.01.22"]
[Round "?"]
[White "Hossa"]
[Black "Amateur"]
[Result "0-1"]
[WhiteElo "2528"]
[BlackElo "2450"]
[PlyCount "88"]

1. e4 c5 2. Nf3 d6 3. d4 cxd4 4. Qxd4 Nc6 5. Bb5 Bd7 6. Bxc6 Bxc6 7. Nc3 e5 8.
Qd3 Be7 9. O-O Nf6 10. Rd1 O-O 11. Bg5 Qb6 12. Bxf6 Bxf6 13. Rab1 Rfd8 14. b4
a6 15. Nd5 Bxd5 16. Qxd5 Rac8 17. c4 Qc6 18. Qxc6 Rxc6 19. Nd2 h6 20. b5 axb5
21. Rxb5 Ra8 22. Rb2 Bg5 23. f3 Be3+ 24. Kf1 Bd4 25. Rxb7 Rxa2 26. Rd7 Rb6 27.
Rd8+ Kh7 28. h4 Kg6 29. g4 h5 30. Ke2 hxg4 31. fxg4 Kf6 32. Re8 Rb3 33. Rd8 Rg3
34. g5+ Ke7 35. Rg8 Bc3 36. Kf2 Rd3 37. Kg1 Bxd2 38. Rb1 Be3+ 39. Kf1 Bb6 40.
Rb8 Rf3+ 41. Ke1 Bf2+ 42. Kf1 Bd4+ 43. Ke1 Bc3+ 44. Kd1 Rf1# 0-1

[Event "ICS rated blitz match"]
[Site "204.178.125.65"]
[Date "2000.01.22"]
[Round "?"]
[White "Amateur"]
[Black "Hossa"]
[Result "0-1"]
[WhiteElo "2470"]
[BlackElo "2508"]
[PlyCount "174"]

1. a3 Nf6 2. d4 d5 3. Bf4 Nbd7 4. Nc3 c5 5. e3 cxd4 6. exd4 Qa5 7. b4 Qb6 8.
Nb5 e5 9. dxe5 a6 10. Be3 Qc6 11. exf6 axb5 12. fxg7 Bxg7 13. Bd4 O-O 14. Bxg7
Re8+ 15. Be2 Kxg7 16. Qd2 Nf6 17. Nf3 Ne4 18. Qd4+ Nf6 19. c3 Bg4 20. Qd3 Ne4
21. O-O Nxc3 22. Qd4+ Kf8 23. Bxb5 Nxb5 24. Qxg4 Nc3 25. Rae1 Ne2+ 26. Rxe2
Rxe2 27. Ng5 Re5 28. Qg3 Rxg5 29. Qxg5 Rxa3 30. Rd1 Ra4 31. Rc1 Qe6 32. Qh4 Kg7
33. Qg3+ Qg6 34. Qb3 Qc6 35. Qg3+ Qg6 36. Qf4 Ra2 37. Rf1 f6 38. Re1 Rb2 39.
Qc7+ Qf7 40. Qc3 Ra2 41. Re3 Qd7 42. Rg3+ Kf7 43. Rh3 Qc8 44. Qe1 Rc2 45. Rd3
Qc4 46. Rd1 Rb2 47. Rc1 Qe4 48. Qd1 Rxb4 49. Qh5+ Ke7 50. Qh6 Ke6 51. Qh3+ Ke5
52. Qh5+ Kd6 53. Qh6 Qe7 54. Qe3 Qxe3 55. fxe3 Re4 56. Rb1 Rxe3 57. Rxb7 h5 58.
Rb4 Re4 59. Rxe4 dxe4 60. Kf2 h4 61. Ke2 f5 62. Ke3 Ke5 63. Ke2 Kd4 64. g3 hxg3
65. hxg3 e3 66. Kf3 Kd3 67. Kf4 e2 68. Kxf5 e1=Q 69. g4 Kd4 70. g5 Qe5+ 71. Kg6
Ke4 72. Kf7 Kf5 73. Kg8 Qd5+ 74. Kf8 Qd6+ 75. Kf7 Qd7+ 76. Kf8 Qd8+ 77. Kf7
Qc7+ 78. Kf8 Qc5+ 79. Kf7 Qa7+ 80. Kf8 Qa3+ 81. Kf7 Qb3+ 82. Ke7 Qe6+ 83. Kd8
Qc6 84. Ke7 Kg6 85. Kd8 Kf7 86. g6+ Ke6 87. g7 Qd7# 0-1